JFK Quiz - Statistics

General Stats
  • This quiz has been taken 260 times
  • The average score is 19 of 40
Answer Stats
Hint Answer % Correct
Year he ran for President 1960
80%
Name of his murderer Lee Harvey Oswald
80%
State where he was born Massachusetts
73%
His failed invasion in Cuba Bay of Pigs
71%
His Vice President Lyndon Johnson
70%
Military Branch he served in Navy
70%
What war did he served in WWII
69%
His religion Catholic
67%
Opponent in the Presidential Race Richard Nixon
65%
Ask Not What Your Country Can Do For You, Ask What You can do for your country
65%
Name of his most famous mistress Marilyn Monroe
64%
From what country is his family from Ireland
63%
University he went to Harvard
62%
Year he ran for senator 1952
59%
Name of the brother who was a senator Edward Moore
59%
Year he married his wife 1953
56%
Name of Daughter Caroline
54%
Name of Brother who was Attorney General Robert Francis
54%
What famous movement did JFK support during his presidency Civil Rights
47%
Father's Full Name Joseph Patrick Kennedy
46%
Year he got elected to Congress 1946
45%
What he wanted to do in relation to space Go to the moon
45%
Date of his death November 22, 1963
44%
Name of his son who died two days after his birth Patrick
42%
Name of his older brother Joseph P. Kennedy Jr.
40%
Name of Son John F. Kennedy Jr.
38%
Name of the family who took his assasination video Zapruder
36%
What WWII Medal did he recieve Purple Heart
35%
What his admanistration is nicknamed Camelot
34%
Event that marked his presidency Cuban Missile Crisis
33%
Name of organization he created Peace Corps
33%
To what other person is he compared to Abraham Lincoln
28%
His Secretary of Defense Robert McNamara
28%
Birth Date May 29, 1917
26%
Full Name of his Wife Jacqueline Lee Bouvier
25%
What book did he win a Pulitzer Award for Profiles in Courage
22%
He suffered from what condition Addison's Disease
21%
What does it say on his grave Eternal Flame
9%
Mother's Full Name (Maiden Name) Rose Elizabeth Fitzgerald
8%
Where is he buried Arlington Cementery
1%
No matching quizzes found
Score Distribution
Percent of People with Each Score
Percentile by Number Answered
Your Score History
You have not taken this quiz